00476nam a2200193Ia 4500001000700000003000500007008004100012010001100053020001800064040000900082082001600091100001600107245005000123260005500173300001100228500001400239650001300253650001600266Z_5406CHAP220113s2005 xx 000 0 und d a168476 a1-904761-19-4 cCHAP a636.0896 D5 aDiaz, D. E. aThe micotoxin blue book /cEd. by D. E. Diaz aNottingham :b Nottingham University Press,c2005 a349 p. afotocopia aMicosis  aMicotoxinas